A dazzling day / (Record no. 7035)
[ view plain ]
| 000 -LEADER | |
|---|---|
| fixed length control field | 01504cam a22003257a 4500 |
| 001 - CONTROL NUMBER | |
| control field | 7035 |
| 003 - CONTROL NUMBER IDENTIFIER | |
| control field | FISKH |
| 005 - DATE AND TIME OF LATEST TRANSACTION | |
| control field | 20260202163629.0 |
| 008 - FIXED-LENGTH DATA ELEMENTS--GENERAL INFORMATION | |
| fixed length control field | 100303s2010 nyua 000 0 eng |
| 010 ## - LIBRARY OF CONGRESS CONTROL NUMBER | |
| LC control number | 2010923934 |
| 020 ## - INTERNATIONAL STANDARD BOOK NUMBER | |
| International Standard Book Number | 9780736427210 (pbk.) |
| 040 ## - CATALOGING SOURCE | |
| Original cataloging agency | DLC |
| Transcribing agency | DLC |
| Language of cataloging | eng |
| Modifying agency | FISKH |
| 050 ## - LIBRARY OF CONGRESS CALL NUMBER | |
| Classification number | PN1997.T27 D3 |
| 082 ## - DEWEY DECIMAL CLASSIFICATION NUMBER | |
| Classification number | 398.2 |
| 100 1# - MAIN ENTRY--PERSONAL NAME | |
| Personal name | Wooster, Devin Ann. |
| 245 12 - TITLE STATEMENT | |
| Title | A dazzling day / |
| Statement of responsibility, etc. | adapted by Devin Ann Wooster ; illustrated by Brittney Lee ; designed by Stuart Smith. |
| 260 ## - PUBLICATION, DISTRIBUTION, ETC. | |
| Place of publication, distribution, etc. | New York : |
| Name of publisher, distributor, etc. | Random House, |
| Date of publication, distribution, etc. | 2010. |
| 300 ## - PHYSICAL DESCRIPTION | |
| Extent | 24 unnumbered pages : |
| Other physical details | color illustrations ; |
| Dimensions | 21 cm |
| 500 ## - GENERAL NOTE | |
| General note | At head of title: Disney Tangled. |
| 505 ## - FORMATTED CONTENTS NOTE | |
| Formatted contents note | P<br/> |
| 520 ## - SUMMARY, ETC. | |
| Summary, etc. | Read along with Disney! Rapunzel is about to turn eighteen, and she has never left the tower she lives in with her mother. More than anything, she wants to find the source of the mysterious lights that rise into the sky every year on her birthday. When a thief named Flynn Rider climbs through her window to escape the royal guard and she captures him, the two strike a bargain -- she'll release him if he guides her to the lights. Follow along with the word-for-word narration on the adventure |
| 521 8# - TARGET AUDIENCE NOTE | |
| Target audience note | 750<br/> |
| Source | Lexile <br/> |
| 521 8# - TARGET AUDIENCE NOTE | |
| Target audience note | P<br/> |
| Source | Raz-Plus<br/> |
| 650 ## - SUBJECT ADDED ENTRY--TOPICAL TERM | |
| Topical term or geographic name entry element | Disney Princess |
| Form subdivision | Fantasy |
| General subdivision | Adventure |
| Chronological subdivision | Rapunzel |
| 700 1# - ADDED ENTRY--PERSONAL NAME | |
| Personal name | Lee, Brittney, |
| Relator term | illustrator |
| 730 0# - ADDED ENTRY--UNIFORM TITLE | |
| Uniform title | Tangled (Motion picture) |
| 906 ## - LOCAL DATA ELEMENT F, LDF (RLIN) | |
| a | 7 |
| b | cbc |
| c | orignew |
| d | 4 |
| e | ncip |
| f | 20 |
| g | y-gencatlg |
| 942 ## - ADDED ENTRY ELEMENTS (KOHA) | |
| Source of classification or shelving scheme | Dewey Decimal Classification |
| Koha item type | Books |
| Suppress in OPAC | No |
| Withdrawn status | Lost status | Source of classification or shelving scheme | Damaged status | Not for loan | Collection | Home library | Current library | Shelving location | Date acquired | Total Checkouts | Full call number | Barcode | Date last seen | Date last checked out | Copy number | Price effective from | Koha item type |
|---|---|---|---|---|---|---|---|---|---|---|---|---|---|---|---|---|---|
| Dewey Decimal Classification | Juvenile Fiction | Footprints International School Library Network Toul Kork Campus | Footprints International School Library Network Toul Kork Campus | TK Primary Library Room(4th Floor), Bookcase 5&6, Shelves 33-56, Orange Books | 06/19/2025 | 3 | WQO 398.2 PN1997.T27 D3 | 2025-1659 | 04/02/2026 | 04/01/2026 | 1 | 06/19/2025 | Books | ||||
| Dewey Decimal Classification | Juvenile Fiction | Footprints International School Library Network Toul Tom Poung Campus | Footprints International School Library Network Toul Tom Poung Campus | TTP Primary Orange Bookshelves | 01/06/2026 | 1 | WQO 398.2 PN1997.T27 D3 | FISTKP1A060 | 02/02/2026 | 01/30/2026 | 2 | 01/06/2026 | Books |
